Statistics for First names of British Prime Ministers

Click here to take the quiz!

General Stats

  • This quiz has been taken 38 times
  • The average score is 12 of 57

Answer Stats

TermPrime MinisterFirst name% Correct
1979–1990ThatcherMargaret
82%
2016–2019MayTheresa
82%
1997–2007BlairAnthony
76%
2022–SunakRishi
76%
2010–2016CameronDavid
71%
1990–1997MajorJohn
65%
1940–1945, 1951–1955ChurchillWinston
65%
1970–1974HeathEdward
47%
1945–1951AttleeClement
44%
1868, 1874–1880DisraeliBenjamin
38%
1916–1922Lloyd GeorgeDavid
35%
2022TrussMary
35%
1868–1874, 1880–1885, 1886, 1892–1894GladstoneWilliam
35%
1963–1964Douglas-HomeAlexander
32%
1783–1801, 1804–1806Pitt the YoungerWilliam
29%
1923–1924, 1924–1929, 1935–1937BaldwinStanley
26%
2019–2022JohnsonAlexander
24%
1721–1742WalpoleRobert
24%
1834–1835, 1841–1846PeelRobert
24%
1766–1768Pitt the ElderWilliam
24%
1828–1830, 1834Duke of WellingtonArthur
21%
1908–1916AsquithHerbert
21%
1809–1812PercevalSpencer
21%
1922–1923LawAndrew
18%
2007–2010BrownJames
18%
1834, 1835–1841Lord MelbourneWilliam
18%
1827CanningGeorge
15%
1905–1908Campbell-BannermanHenry
15%
1924, 1929–1935MacDonaldJames
12%
1783, 1807–1809Duke of PortlandWilliam
12%
1902–1905BalfourArthur
9%
1964–1970, 1974–1976WilsonJames
9%
1846–1852, 1865–1866RussellJohn
9%
1885–1886, 1886–1892, 1895–1902Marquess of SalisburyRobert
9%
1756–1757Duke of DevonshireWilliam
9%
1782–1783Earl of ShelburneWilliam
9%
1894–1895Earl of RoseberyArchibald
6%
1830–1834Earl GreyCharles
6%
1806–1807Lord GrenvilleWilliam
6%
1852, 1858–1859, 1866–1868Earl of DerbyEdward
3%
1763–1765GrenvilleGeorge
3%
1852–1855Earl of AberdeenGeorge
3%
1743–1754PelhamHenry
3%
1855–1858, 1859–1865PalmerstonHenry
3%
1762–1763Earl of ButeJohn
3%
1976–1979CallaghanLeonard
3%
1812–1827Lord LiverpoolRobert
3%
1742–1743Earl of WilmingtonSpencer
3%
1937–1940ChamberlainArthur
0%
1768–1770Duke of GraftonAugustus
0%
1765–1766, 1782Marquess of RockinghamCharles
0%
1827–1828Viscount GoderichFrederick
0%
1770–1782NorthFrederick
0%
1801–1804AddingtonHenry
0%
1957–1963MacmillanMaurice
0%
1955–1957EdenRobert
0%
1754–1756, 1757–1762Duke of NewcastleThomas
0%

Score Distribution

Percentile by Number Answered

Percent of People with Each Score

Your Score History

You have not taken this quiz